000 00795 a2200229 4500
003 Nust
005 20220803150547.0
020 _a1-85617-770-X (pbk.)
020 _a978-1-85617-770-2 (pbk.)
035 _a(OCoLC)540182470
035 _a(OCoLC)ocn540182470
040 _cNust
082 0 4 _a621.3192,BIR
100 1 _aBird, J. O.
_944903
245 1 0 _aElectrical circuit theory and technology /
_cJohn Bird.
250 _a4th ed.
260 _aOxford :
_bNewnes,
_c2010.
300 _ap.
_ccm.
505 _aPart 1:- Basic Electrical Engineering Principle (Page-1), Part 2:- Electrical Principles and Technology (Page-153), Part 3:- Advanced Circuit Theory and Technology (Page-333), Part 4: General reference (Page-723).
650 0 _aTelecommunication Engineering
942 _2ddc
_cBK
999 _c189423
_d189423